000 01404 a2200289 4500
001 54749
005 20260407155823.0
008 260407a1988 arg spa d
003 AR-UNSa-BCEJYS
040 _aAR-UNSa-BCEJYS
_bspa
_cAR-UNSa-BCEJYS
080 _a94
_xHistoria General
245 1 0 _aEntre la crisis y la revolución
020 _a950-9414-26-3
250 _a2a. ed.
264 1 _aSan Miguel de Tucumán :
_bEdiciones El Graduado
_c1988
300 _a260 p.
_c20 cm.
505 _aI. La pérdida del dominio sobre el contorno - II. La Revolución Tecnológica - III. La explosión demográfica y el hambre - IV. El hábitat humano - V. La cultura de masas - VI. La aceleración histórica - VII. La hipertrofia de las expectativas - VIII. El individualismo - IX. El colectivismo - X. Irracionalismo,cientificismo,hedonismo - XI. El humanismo cristiano - XII. Hacia el capitalismo - XIII. El capitalismo - XIV. Neocapitalismo y socialismo - XV. El estado moderno - XVI. La democracia - XVII. La guerra - XVIII. El nacionalismo y el imperialismo - XIX. El subdesarrollo y el conflicto Norte-Sur
041 _aspa
942 _cBK
590 _aniveau_biblio:m niveau_hierar:0
100 1 _aPonsati, Arturo
700 1 _aCarracedo, Rosendo Matías
700 1 _aNoli, Alicia
700 1 _aDiaz Ricci, Raúl
700 1 _aCerro de Quintana, Maria Marta
700 1 _aGandur, Sergio
999 _c5771
_d5771